000 01909nam a22001457a 4500
999 _c533034
_d533034
008 260413b ||||| |||| 00| 0 eng d
100 _aMoise, Godom and Issidor, Noumba
_960102
245 _aClimate change and rice yield in the far North of Cameroon: Reciprocal effects using the vector autoregressive model
260 _aJournal of Social and Economic Development
300 _a27(2), Aug, 2025: p.706-722
520 _aRice is one of the most widely consumed cereals in Cameroon, and its production depends on several factors. The objective of this study is to determine the reciprocal effects of climate change and rice production in the far north of Cameroon. To achieve this, the Vector Autoregressive model was used to explore these reciprocal influences via changes in rainfall and temperature as well as the intensity of CO2 emissions per unit of rice yield in the northern zone of Cameroon. The data used are from FAOSTAT and the World Bank Group Climate Change Knowledge Portal for the period 1975–2021. The results obtained are: (i) Violent increases in rainfall reduce rice yield; (ii) regulated increases in temperature during the rainy season (May to October) improve rice yield; (iii) CO2 emission intensity per unit of rice production reduces rainfall, stimulates temperature rise, and therefore reinforces climate change. We therefore recommend that rice farmers pay attention to the reciprocal effects of climate change and rice cultivation by using rice production techniques that emit less CO2 and integrating agricultural techniques that are increasingly resilient to climate change, such as climate-smart agriculture, to make rice cultivation more sustainable.-Reproduced https://link.springer.com/article/10.1007/s40847-024-00349-1
650 _aClimate change, VAR model, Rice, Cameroon
_960103
773 _aJournal of Social and Economic Development
942 _cAR